000 00996nam a2200229Ia 4500
001 L959-44606
003 IT-CnALBA
008 170116s9999||||xx |||||||||||||| ||und||
040 _aIT-CnALBA
_cIT-CnALBA
041 _aITALIANO
100 _aBORGOGNO CARLO, SEGRETARIO
245 0 _aNELLA VESTIZIONE DI S. GIOCONDA DOMENICA AL SECOLO GIROLAMA BERRUTI NEL MONASTERO DOMENICANO, ALBA 1889.
250 _a1a ed.
260 _a ALESSANDRIA
_bJACQUEMOD G. TIPOGRAFIA
_c1889 [1° Ed.:1889 - Ed.Ling.Originale: 1889]
300 _a17 p.
500 _aDISCORSO DI CIRCOSTANZA DEL CANONICO BORGOGNO CARLO CANONICO E SEGRETARIO. PRESENTAZIONE DEL VESCOVO GIOCONDO P.
501 _aSocietà San Paolo EM - Piazza San Paolo, 14 - 12051 ALBA (CN) (non commercial uses only) ® Copyright 2017
520 _aDISCORSO DI CIRCOSTANZA DEL CANONICO BORGOGNO CARLO CANONICO E SEGRETARIO. PRESENTAZIONE DEL VESCOVO GIOCONDO P.
650 _aALBA E CIRCONDARIO
942 _cBK
957 _71
999 _a50356
_bSI
_g Copie: 1
_c303549
_d303549